| 000 | 00460nam a2200181Ia 4500 | ||
|---|---|---|---|
| 005 | 20260429112126.0 | ||
| 008 | 260429s9999||||xx |||||||||||||| ||und|| | ||
| 020 | _a9789361317200 | ||
| 041 | _aEnglish | ||
| 082 |
_a901 _bJOR |
||
| 100 | _aJordanova, Ludmilla | ||
| 245 | 0 |
_aHistory in practice / _cLudmilla Jordanova |
|
| 250 | _a2nd ed. | ||
| 260 |
_aNew Delhi : _bBloomsbury, _c2024. |
||
| 300 | _axii, 243 p.; pbk | ||
| 650 | _aHistory | ||
| 942 | _cTB | ||
| 999 |
_c52482 _d52482 |
||